| 000 | 00474nam a22001697a 4500 | ||
|---|---|---|---|
| 003 | 0 | ||
| 005 | 20231221082239.0 | ||
| 008 | 231221b xxu||||| |||| 00| 0 eng d | ||
| 020 | _a978-0-72328-189-4 | ||
| 050 |
_aTR _bLa158 2014 |
||
| 082 |
_aTR _bLa158 2014 |
||
| 245 | _aLadybird tales: the gingerbread man | ||
| 260 |
_aLondon _bLadybird Books Ltd. _cc2014. |
||
| 300 |
_a42 pages : _bcolored illustrations ; _c21cm. |
||
| 650 | _aChildrens stories. | ||
| 942 |
_2ddc _cBK |
||
| 999 |
_c365762 _d365762 |
||